US National Parks by Time Zone - Pacific - Statistics

General Stats
  • This quiz has been taken 15 times
  • The average score is 12 of 14
Answer Stats
Answer % Correct
Death Valley
100%
Joshua Tree
100%
Yosemite
100%
Olympic
93%
Redwood
93%
Sequoia
93%
Channel Islands
86%
Kings Canyon
86%
Mount Rainier
86%
Great Basin
79%
Lassen Volcanic
79%
Crater Lake
71%
Pinnacles
64%
North Cascades
50%
No matching quizzes found
Score Distribution
Percent of People with Each Score
Percentile by Number Answered
Your Score History
You have not taken this quiz